<?xml version="1.0" encoding="UTF-8"?><?xml-stylesheet type="text/xsl" href="static/style.xsl"?><OAI-PMH xmlns="http://www.openarchives.org/OAI/2.0/" xmlns:xsi="http://www.w3.org/2001/XMLSchema-instance" xsi:schemaLocation="http://www.openarchives.org/OAI/2.0/ http://www.openarchives.org/OAI/2.0/OAI-PMH.xsd"><responseDate>2026-04-13T04:37:21Z</responseDate><request verb="GetRecord" identifier="oai:www.recercat.cat:2072/358307" metadataPrefix="marc">https://recercat.cat/oai/request</request><GetRecord><record><header><identifier>oai:recercat.cat:2072/358307</identifier><datestamp>2024-12-23T16:57:13Z</datestamp><setSpec>com_2072_353044</setSpec><setSpec>com_2072_351515</setSpec><setSpec>com_2072_1741</setSpec><setSpec>col_2072_353045</setSpec></header><metadata><record xmlns="http://www.loc.gov/MARC21/slim" xmlns:dcterms="http://purl.org/dc/terms/" xmlns:xsi="http://www.w3.org/2001/XMLSchema-instance" xmlns:doc="http://www.lyncode.com/xoai" xsi:schemaLocation="http://www.loc.gov/MARC21/slim http://www.loc.gov/standards/marcxml/schema/MARC21slim.xsd">
   <leader>00925njm 22002777a 4500</leader>
   <datafield ind2=" " ind1=" " tag="042">
      <subfield code="a">dc</subfield>
   </datafield>
   <datafield ind2=" " ind1=" " tag="720">
      <subfield code="a">Tauler, Esperança</subfield>
      <subfield code="e">author</subfield>
   </datafield>
   <datafield ind2=" " ind1=" " tag="720">
      <subfield code="a">Xu, Jingyao</subfield>
      <subfield code="e">author</subfield>
   </datafield>
   <datafield ind2=" " ind1=" " tag="720">
      <subfield code="a">Melgarejo, Joan Carles</subfield>
      <subfield code="e">author</subfield>
   </datafield>
   <datafield ind2=" " ind1=" " tag="720">
      <subfield code="a">Gonçalves, Antonio Olimpio</subfield>
      <subfield code="e">author</subfield>
   </datafield>
   <datafield ind2=" " ind1=" " tag="720">
      <subfield code="a">Campeny, Marc</subfield>
      <subfield code="e">author</subfield>
   </datafield>
   <datafield ind2=" " ind1=" " tag="260">
      <subfield code="c">2019-07-03</subfield>
   </datafield>
   <datafield ind2=" " ind1=" " tag="520">
      <subfield code="a">Large kaolin deposits developed by weathering on Precambrian granitic rocks have been discovered in the Caluquembe area, Huíla province, Angola. To determine accuracy of analysis and to evaluate the samples kaolinite grade, it was used full profile Rietveld refinement by X-­‐Ray Powder Diffraction (XRPD) and Gravimetric Thermal Analysis (TGA). Caluquembe kaolin is mainly
comprised of kaolinite (44 to 93 wt.%), quartz (0 to 23 wt.%) and feldspar (4 to 14 wt. %). AGFI Crystallinity Index, calculated by
XRPD profile refinement, indicates low and medium defect kaolinite. Kaolinite particles show a platy habit and they are stacked together forming ‘booklets’ or radial aggregates, also occurring as fine anhedral particles in a finer-­‐grained mass. Muscovite-­‐kaolinite intergrowths have also been found. Whole-­‐rock chemical composition was analyzed, including major, trace, and Rare
Earth Elements (REE). Chondrite and Upper Continental Crust normalized REE patterns show the same tendency for all samples,
with a significant enrichment in Light Rare Earth Elements (LREE). Mineralogical and compositional features of the Caluquembe kaolin indicate that it is a suitable material in the manufacture of structural products, such as bricks, pavers and roofing tiles.
In addition, REE significant contents of the Caluquembe kaolin can be considered as a potential future target of mining exploration.

Caluquembe; Angola; kaolinite; AGFI; REE.</subfield>
   </datafield>
   <datafield ind1="8" ind2=" " tag="024">
      <subfield code="a">http://hdl.handle.net/2072/358307</subfield>
   </datafield>
   <datafield ind1="8" ind2=" " tag="024">
      <subfield code="a">https://doi.org/10.1007/s42860-019-00021-4</subfield>
   </datafield>
   <datafield ind2="0" ind1="0" tag="245">
      <subfield code="a">A new kaolin deposit in western Africa: mineralogical and compositional features of kaolinite from Caluquembe (Angola)</subfield>
   </datafield>
</record></metadata></record></GetRecord></OAI-PMH>